00297nam a2200121Ia 4500008004100000041000800041082001800049100001400067245002400081260002900105300003400134365000700168240624s9999 xx 000 0 und d aeng a343.05248 DAT aDATEY V S aFEMA READY RECKONER c2004aNew DelhibTaxmann alxxvii, : 452 : p. : cm. ; 24 cRS